000 01108nam a2200265 a 4500
001
003 DO-SdBNP
005 20210819130611.0
008 091019s1981 dr 001 0 spa d
040 _aDO-SdBNP
_bspa
_cBPMSU
082 _a330.97293
_bD473t 1981
_222
100 1 _aDespradel, Carlos,
_d1942-
245 1 0 _aTrayectoria de un pensamiento económico /
_cCarlos Despradel ; prólogo Bienvenido Alvarez Vega.
260 _aSanto Domingo :
_bCorripio,
_c1981.
300 _a341 p. ;
_c24 cm.
500 _aIncluye datos biográficos del autor en la contracubierta
505 0 _aVisión global de la economía -- Aspectos monetarios y financieros -- El contexto internacional -- El comercio exterior dominicano -- Comentario sobre la inflación y sus efectos -- Otros temas económicos.
590 _aInventariado, 2021/VM
651 4 _aRepública Dominicana
_xPolítica económica
651 4 _aRepública Dominicana
_xPolítica monetaria .
651 4 _aRepública Dominicana
_xCondiciones económicas
_y
700 1 2 _aAlvarez Vega, Bienvenido,
_epról.
910 _aVMateo V.
942 _2ddc
_cBK
999 _c13669
_d13669